MARC

LEADER 00000nam0a2200000 4500
001 295756
005 20231102000836.0
035 |a (RuTPU)RU\TPU\book\320845 
090 |a 295756 
100 |a 20150526d1978 k y0rusy50 ca 
101 0 |a rus 
102 |a UA 
105 |a a z 001zy 
200 1 |a Машинные методы расчета систем стабилизированного тока  |f И. В. Волков, В. А. Шлапак  |g Академия наук Украинской ССР (АН УССР), Институт электродинамики (ИЭД) 
210 |a Киев  |c Наукова думка  |d 1978 
215 |a 152 с.  |c ил. 
320 |a Библиогр.: с. 148-150. 
606 1 |a Электрические цепи  |x Расчет  |2 stltpush  |3 (RuTPU)RU\TPU\subj\27745  |9 51447 
610 1 |a стабилизаторы 
610 1 |a стабилизаторы переменного тока 
610 1 |a стабилизаторы постоянного тока 
610 1 |a стабилизаторы с обратной связью 
610 1 |a машинные методы 
610 1 |a машинный расчет 
610 1 |a переходные процессы 
610 1 |a установившиеся режимы 
675 |a 621.3.011.7  |v 3 
700 1 |a Волков  |b И. В.  |g Игорь Владимирович 
701 1 |a Шлапак  |b В. А.  |g Василий Александрович 
712 0 2 |a Академия наук Украинской ССР (АН УССР)  |b Институт электродинамики (ИЭД)  |c (Киев)  |c (1963-1991)  |2 stltpush  |3 (RuTPU)RU\TPU\col\12436 
801 1 |a RU  |b 63413507  |c 20150526 
801 2 |a RU  |b 63413507  |c 20160928  |g RCR 
942 |c BK